000
00299nam a2200121Ia 4500
008
241015s9999 xx 000 0 und d
041
_a
eng
082
_a
658.155 ARO
100
_a
Arora
245
_a
Credit Risk Analytics With R
260
_b
Wiley India
_a
New Delhi
_c
2023
300
_a
440;. P. 23 cm
999
_c
41859
_d
41859